| 000 | 00488nam a22001577a 4500 | ||
|---|---|---|---|
| 082 |
_a621.31 _bYAQ |
||
| 100 |
_aYaqub, Awais (450082) _9132404 |
||
| 245 | _aDecentralized Community-Based Energy Management Strategies in Networked Microgrids / | ||
| 264 |
_aIslamabad : _bUSPCAS-E, NUST _cSepember, 2025 |
||
| 300 |
_axvi, 56 p. _e+CD |
||
| 520 | _aTH-686 | ||
| 650 | _aMS EEP Thesis | ||
| 650 |
_aMS Thesis _918721 |
||
| 700 | _aSupervisor: Dr. Syed Ali Abbas Kazmi | ||
| 942 |
_2ddc _cTHE |
||
| 999 |
_c615598 _d615598 |
||